[Event "Bad Woerishofen op 16th"]
[Site "Bad Woerishofen"]
[Date "2000.03.21"]
[Round "5"]
[White "Haecker, Roland"]
[Black "Sepp, Lothar"]
[Result "1/2-1/2"]
[WhiteElo "1685"]
[BlackElo "1875"]
[PlyCount "106"]
[EventDate "2000.03.??"]
[EventType "swiss"]
[EventRounds "9"]
[EventCountry "GER"]
[SourceTitle "CBM 075 Extra"]
[Source "ChessBase"]
[SourceDate "2000.05.11"]
[SourceVersion "2"]
[SourceVersionDate "2000.05.11"]
[SourceQuality "1"]

1. e4 e6 2. d4 d5 3. exd5 exd5 4. Nf3 Bd6 5. Be2 Ne7 6. 0-0 0-0 7. Re1 c6 8. Nbd2 f6 9. Nf1 Be6 10. b3 Qd7 11. Bb2 a5 12. c3 Na6 13. Ne3 Rfe8 14. Qc2 Bf5 15. Nxf5 Qxf5 16. Qxf5 Nxf5 17. Bd3 Nh6 18. Rxe8+ Rxe8 19. Bxa6 bxa6 20. Re1 Kf7 21. Rxe8 Kxe8 22. Kf1 Kd7 23. Ke2 g6 24. h3 Nf7 25. Bc1 Be7 26. Kd3 Ke6 27. Be3 Nd6 28. c4 Ne4 29. Nd2 f5 30. f3 Nxd2 31. Bxd2 Bd8 32. Kc2 a4 33. Kd3 axb3 34. axb3 h5 35. Bf4 Ba5 36. Bg5 Be1 37. f4 Ba5 38. c5 Be1 39. Ke2 Bc3 40. Kd3 Ba1 41. Bh4 Bb2 42. Be1 Kd7 43. Bd2 Kc8 44. b4 Kd7 45. Be3 Ke6 46. Kc2 Ba1 47. Kb3 Kd7 48. Kc2 Kc8 49. Kd3 Kb7 50. Bd2 Bb2 51. Be3 Kc8 52. Bd2 Kd7 53. Be3 Kc8 1/2-1/2

[Event "Bad Woerishofen op 16th"]
[Site "Bad Woerishofen"]
[Date "2000.03.20"]
[Round "4"]
[White "Zickelbein, Eva Maria"]
[Black "Haecker, Roland"]
[Result "1/2-1/2"]
[WhiteElo "2095"]
[BlackElo "1685"]
[PlyCount "46"]
[EventDate "2000.03.??"]
[EventType "swiss"]
[EventRounds "9"]
[EventCountry "GER"]
[SourceTitle "CBM 075 Extra"]
[Source "ChessBase"]
[SourceDate "2000.05.11"]
[SourceVersion "2"]
[SourceVersionDate "2000.05.11"]
[SourceQuality "1"]

1. e4 c5 2. Nc3 Nc6 3. f4 d6 4. Bc4 e6 5. d3 a6 6. a4 g6 7. Nf3 Bg7 8. f5 Nf6 9. Bg5 h6 10. Bxf6 Bxf6 11. 0-0 0-0 12. Qd2 Bg7 13. fxg6 fxg6 14. Kh1 Kh7 15. Rae1 Qe7 16. Ne2 Bd7 17. d4 cxd4 18. Nexd4 Ne5 19. Nxe5 Bxe5 20. Nf3 Bg7 21. a5 Bc6 22. Nd4 Bd7 23. c3 Rac8 1/2-1/2

[Event "Bad Woerishofen op 16th"]
[Site "Bad Woerishofen"]
[Date "2000.03.19"]
[Round "3"]
[White "Haecker, Roland"]
[Black "Jaenig, Reinhard"]
[Result "0-1"]
[WhiteElo "1685"]
[BlackElo "2097"]
[PlyCount "54"]
[EventDate "2000.03.??"]
[EventType "swiss"]
[EventRounds "9"]
[EventCountry "GER"]
[SourceTitle "CBM 075 Extra"]
[Source "ChessBase"]
[SourceDate "2000.05.11"]
[SourceVersion "2"]
[SourceVersionDate "2000.05.11"]
[SourceQuality "1"]

1. e4 c5 2. Nf3 e6 3. d4 cxd4 4. Nxd4 Qb6 5. Nb3 Qc7 6. Be3 d6 7. Be2 Nf6 8. Nc3 a6 9. 0-0 Nbd7 10. f4 b5 11. Bf3 Bb7 12. a3 Rc8 13. Rc1 g6 14. g4 Bg7 15. Qe1 h5 16. g5 Ng4 17. Bxg4 hxg4 18. Bd4 Bxd4+ 19. Nxd4 Qb6 20. Qf2 Rc4 21. Rcd1 Rh7 22. Rfe1 e5 23. Nd5 Bxd5 24. exd5 Kf8 25. fxe5 dxe5 26. Rxe5 Rxd4 27. Rde1 Nxe5 0-1